Más arriba en la organización
Saved in:
| Main Author: | |
|---|---|
| Format: | Book |
| Language: | Spanish English |
| Published: |
Buenos Aires :
Orbis ;
1985.
|
| Series: | Biblioteca de la empresa (Hyspamerica).
|
| Subjects: |
MARC
| LEADER | 00000Cam#a22000005a#4500 | ||
|---|---|---|---|
| 001 | 027962 | ||
| 003 | AR-BeUNQ | ||
| 005 | 20211123101035.0 | ||
| 008 | 150805s1985||||ag # ### #000|0#spa#d | ||
| 999 | |c 25336 |d 100723 | ||
| 020 | |a 8475309909 | ||
| 040 | |a AR-BeUNQ |b spa |e aacr | ||
| 041 | 1 | |a pa |h eng | |
| 044 | |a ag | ||
| 082 | 0 | 4 | |a 658 |2 21 |
| 100 | 1 | |a Townsend, Robert. | |
| 245 | 0 | 2 | |a Más arriba en la organización |c Robert Townsend. |
| 260 | |a Buenos Aires : |b Orbis ; |c 1985. | ||
| 300 | |a 240 p. ; |c 22 cm. | ||
| 490 | 1 | |a Biblioteca de la empresa ; | |
| 500 | |a Traducción de: Up the organization. | ||
| 650 | 7 | |a Gestión |2 spines | |
| 650 | 7 | |a Empresas |2 spines | |
| 650 | 7 | |a Organizaciones empresariales |2 spines | |
| 650 | 7 | |a Administración de empresas |2 spines | |
| 650 | 7 | |a Planificación estratégica |2 spines | |
| 650 | 7 | |a Liderazgo |2 spines | |
| 830 | 0 | |a Biblioteca de la empresa (Hyspamerica). |n 12 | |
| 929 | |a DONACION |b Noelia Amaya |d 200 |e 20141105 |f PAT0056008 |g 2688 |j 53465 | ||
| 942 | |c LIB |n 0 | ||